1956年12月時点の急行高千穂停車駅 - Statistics

General Stats
  • This quiz has been taken 57 times
  • The average score is 51 of 61
Answer Stats
Answer 時刻 % Correct
延岡 1347
100%
東京 1100
97%
品川 1111
97%
横浜 1133
97%
熱海 1247
97%
静岡 1401/1404
97%
浜松 1519
97%
豊橋 1554
97%
名古屋 1656/1705
97%
岐阜 1736
97%
米原 1837
97%
京都 1943/1950
97%
大阪 2028/2040
97%
神戸 2123
97%
姫路 2225
97%
岡山 2345/2351
97%
広島 254/300
97%
下関 710/723
97%
小倉 800
97%
別府 1036
97%
大分 1051/1105
97%
小田原 1224
94%
沼津 1311
94%
尾張一宮 1721
94%
大垣 1750
94%
大津 1933
94%
三ノ宮 2115
94%
福山 045
94%
尾道 107
94%
岩国 347
94%
徳山 500
94%
小郡 548
94%
門司 732/745
94%
中津 902
94%
大船 1152
92%
厚狭 630
92%
宮崎 1527/1532
92%
都城 1643
92%
鹿児島 1816
92%
西鹿児島 1828
89%
蒲郡 1609
86%
佐伯 1229
86%
柳井 421
83%
行橋 829
81%
宇佐 937
81%
南宮崎 1536
81%
隼人 1746
78%
糸崎 125
75%
横川 307
72%
臼杵 1149
67%
杵築 1007
64%
霧島神宮 1728
64%
津久見 1202
53%
高鍋 1458
53%
柳ケ浦 925
44%
都農 1442
44%
南延岡 1356
42%
三田尻 528
39%
宇島 851
36%
広瀬 1512
6%
富高 1414
3%
No matching quizzes found
Score Distribution
Percent of People with Each Score
Percentile by Number Answered
Your Score History
You have not taken this quiz